00897nam a2200253Ia 4500003000400000005001700004008004100021020001800062040001800080041000800098082001900106100002800125245007900153250001200232260004700244300003000291650004900321650003300370650003200403700002600435942002600461999001900487952013700506OSt20251023122115.0210716s2002 xx 000 0 und d a9788120320222 cAIMIT LIBRARY aeng a005.758 bNAGA aNagpal, Arvind.9242559 aALE EDI and IDOC technologies for sap /cBy Arvind Nagpal and John Pitlak. a2nd ed. aNew Delhi :bPHI Learning Pvt Ltd ,c2002. axxxvi,764 p.;bPBc25 cm. aIntroduction to SAP EDI architecture9242560 aOutbound EDI process9242561 aInbound EDI process9242562 aPitlak, John.9242563 2ddccBKk005.758 NAGA c190144d190144 001040708MCAaAIMITbAIMITeHigginbothams Pvt Ltdg595.00l0o005.758 NAGApMCA09652r2026-05-23 00:00:00v446.25w2021-07-16yBK